Transistor circuit design (Record no. 23504)

000 -LEADER
fixed length control field 00584nam a22002171 4500
001 - CONTROL NUMBER
control field 23504
003 - CONTROL NUMBER IDENTIFIER
control field BD-DhUET
008 - FIXED-LENGTH DATA ELEMENTS--GENERAL INFORMATION
fixed length control field 721219s1963 nyua b 000 0 eng
040 ## - CATALOGING SOURCE
Original cataloging agency DLC
Transcribing agency DLC
Modifying agency BD-DhUET
082 ## - DEWEY DECIMAL CLASSIFICATION NUMBER
Classification number 623.8151
Item number TEX/1963
110 ## - MAIN ENTRY--CORPORATE NAME
Corporate name or jurisdiction name as entry element Texas Instruments Incorporated
245 10 - TITLE STATEMENT
Title Transistor circuit design
250 ## - EDITION STATEMENT
Edition statement 1st ed.
260 ## - PUBLICATION, DISTRIBUTION, ETC. (IMPRINT)
Place of publication, distribution, etc. New York
Name of publisher, distributor, etc. McGraw-Hill
Date of publication, distribution, etc. 1963
300 ## - PHYSICAL DESCRIPTION
Extent xi, 523 p.
Other physical details ill.
Dimensions 26 cm.
504 ## - BIBLIOGRAPHY, ETC. NOTE
Bibliography, etc Includes bibliographies
650 #0 - SUBJECT ADDED ENTRY--TOPICAL TERM
Topical term or geographic name as entry element Transistor : Electronics
700 ## - ADDED ENTRY--PERSONAL NAME
Personal name Walston, Joseph A.
700 ## - ADDED ENTRY--PERSONAL NAME
Personal name Miller, John R.
942 ## - ADDED ENTRY ELEMENTS (KOHA)
Koha item type Corporate Publication
Holdings
Price effective from Copy number Date acquired Koha date last seen Not for loan Shelving location Location (home branch) Sublocation or collection (holding branch) Lost status Koha normalized classification for sorting Koha full call number Withdrawn status Koha item type Source of classification or shelving scheme Damaged status Piece designation (barcode)
2015-05-0412015-05-042015-05-04 Circulation sectionCentral Library, BUETCentral Library, BUET 623_815100000000000_TEX_1963623.8151/TEX/1963  Corporate Publication  30610
2015-05-0422015-05-042015-05-04 Circulation sectionCentral Library, BUETCentral Library, BUET 623_815100000000000_TEX_1963623.8151/TEX/1963 Corporate Publication  30607
2015-05-0432015-05-042015-05-04 Circulation sectionCentral Library, BUETCentral Library, BUET 623_815100000000000_TEX_1963623.8151/TEX/1963  Corporate Publication  30612
2015-05-0442015-05-042015-05-04 Circulation sectionCentral Library, BUETCentral Library, BUET 623_815100000000000_TEX_1963623.8151/TEX/1963 Corporate Publication  30613
2015-05-0452015-05-042015-05-04 Circulation sectionCentral Library, BUETCentral Library, BUET 623_815100000000000_TEX_1963623.8151/TEX/1963  Corporate Publication  26687
2015-05-0762015-05-072015-05-07 Circulation sectionCentral Library, BUETCentral Library, BUET 623_815100000000000_TEX_1963623.8151/TEX/1963 Corporate Publication  30608
2015-05-0772015-05-072015-05-07 Circulation sectionCentral Library, BUETCentral Library, BUET 623_815100000000000_TEX_1963623.8151/TEX/1963 Corporate Publication  30606
2015-05-0782015-05-072015-05-07 Circulation sectionCentral Library, BUETCentral Library, BUET 623_815100000000000_TEX_1963623.8151/TEX/1963 Corporate Publication  30609
2015-06-2592015-06-252015-06-25 Reading sectionCentral Library, BUETCentral Library, BUET 623_815100000000000_TEX_1963623.8151/TEX/1963 Corporate Publication  30604
2015-06-25102015-06-252015-06-25 Reading sectionCentral Library, BUETCentral Library, BUET 623_815100000000000_TEX_1963623.8151/TEX/1963 Corporate Publication  9968
2015-06-25112015-06-252015-06-25 Reading sectionCentral Library, BUETCentral Library, BUET 623_815100000000000_TEX_1963623.8151/TEX/1963 Corporate Publication  30605